[Event "IMSA Elite Mind Games (Blitz)"]
[Site "?"]
[Date "2017.12.13"]
[EventDate "?"]
[Round "12.4"]
[Result "1/2-1/2"]
[White "Shakhriyar Mamedyarov"]
[Black "Ding Liren"]
[WhiteElo "2770"]
[BlackElo "2837"]
[PlyCount "171"]

1. b3 Nf6 2. Bb2 g6 3. d4 Bg7 4. Nf3 O-O 5. c4 c5 6. d5 b5
7. Nbd2 bxc4 8. bxc4 e6 9. dxe6 dxe6 10. g3 Nbd7 11. Bg2 Rb8
12. Bc3 Bb7 13. O-O Qc7 14. Qc2 Bc6 15. Rfd1 Rfd8 16. Nb3 Be4
17. Qb2 Ne8 18. Rd2 Nb6 19. Bxg7 Nxg7 20. Rc1 Nf5 21. Qf6 Nd7
22. Qc3 Nb6 23. Rcd1 Rxd2 24. Rxd2 h6 25. h3 Bxf3 26. Bxf3 Nd7
27. Bg2 Ne5 28. Be4 Ne7 29. h4 h5 30. Rc2 Rd8 31. Qe3 Rc8
32. Bb7 Qxb7 33. Qxe5 Rd8 34. Rc1 Nf5 35. Nxc5 Qb8 36. Qxb8
Rxb8 37. Nb3 Kf8 38. c5 Ke7 39. e4 Nh6 40. Nd4 Rc8 41. c6 Ng4
42. f3 Ne5 43. f4 Nd3 44. Rc3 Nb4 45. Rc4 Nxa2 46. Ra4 Nc3
47. Rxa7+ Ke8 48. e5 Nd5 49. Nb5 Rxc6 50. Nd6+ Kd8 51. Nxf7+
Ke8 52. Nd6+ Kf8 53. Ne4 Rc1+ 54. Kf2 Rc2+ 55. Kf3 Rb2 56. Ng5
Rb3+ 57. Kf2 Rb2+ 58. Ke1 Rb6 59. Ke2 Kg8 60. Kd3 Rb3+ 61. Kd4
Rxg3 62. Nxe6 Nb4 63. Ra8+ Kf7 64. Ng5+ Ke7 65. Ra7+ Ke8
66. Rg7 Nc2+ 67. Kc4 Rg4 68. Rg8+ Ke7 69. Rg7+ Ke8 70. Ne6
Ne3+ 71. Kc5 Nf5 72. Ra7 Rxh4 73. Nc7+ Kd8 74. Nd5 Rh1 75. e6
Rc1+ 76. Kb4 Re1 77. Rd7+ Kc8 78. Rc7+ Kd8 79. Rd7+ Kc8
80. Nb6+ Kb8 81. Kb5 Rxe6 82. Rd8+ Kc7 83. Rd7+ Kb8 84. Rd8+
Kc7 85. Rd7+ Kb8 86. Rd8+ 1/2-1/2

[Event "IMSA Elite Mind Games (Blitz)"]
[Site "?"]
[Date "2017.12.13"]
[EventDate "?"]
[Round "13.4"]
[Result "1/2-1/2"]
[White "Ding Liren"]
[Black "Vladislav Artemiev"]
[WhiteElo "2837"]
[BlackElo "2798"]
[PlyCount "76"]

1. d4 Nf6 2. c4 g6 3. g3 c6 4. Nf3 Bg7 5. Nc3 d5 6. cxd5 cxd5
7. Ne5 O-O 8. Bg2 e6 9. Bg5 Bd7 10. O-O Nc6 11. e4 h6 12. Bxf6
Bxf6 13. Nxd7 Qxd7 14. exd5 Nxd4 15. Re1 Rad8 16. dxe6 Nxe6
17. Qxd7 Rxd7 18. Bh3 Bxc3 19. bxc3 Re8 20. Bxe6 Rxe6 21. Rxe6
fxe6 22. Rb1 b6 23. a4 Rd5 24. Kf1 Rc5 25. Rb3 Kf7 26. Ke2 Ke7
27. Kd3 Rd5+ 28. Ke2 Re5+ 29. Kd3 Rd5+ 30. Ke2 Kd6 31. Rb4 g5
32. h4 Kc6 33. hxg5 hxg5 34. Re4 Kd6 35. Rb4 Kc6 36. Re4 Kd6
37. Rb4 Kc6 38. Re4 Kd6 1/2-1/2

[Event "IMSA Elite Mind Games (Blitz)"]
[Site "?"]
[Date "2017.12.13"]
[EventDate "?"]
[Round "14.3"]
[Result "1/2-1/2"]
[White "Pentala Harikrishna"]
[Black "Ding Liren"]
[WhiteElo "2759"]
[BlackElo "2837"]
[PlyCount "107"]

1. e4 e5 2. Nf3 Nc6 3. Bb5 a6 4. Bxc6 dxc6 5. Nc3 f6 6. d4
exd4 7. Qxd4 Qxd4 8. Nxd4 c5 9. Nde2 Be6 10. Nf4 Bf7 11. Nfd5
O-O-O 12. Bf4 Rd7 13. O-O-O Ne7 14. Nxe7+ Bxe7 15. Rxd7 Kxd7
16. Rd1+ Kc6 17. Nd5 Bd8 18. f3 Re8 19. h3 g5 20. Bh2 f5
21. Nc3 fxe4 22. Nxe4 Bg6 23. Re1 h5 24. Bg3 b5 25. Kd1 a5
26. Nd2 Rxe1+ 27. Bxe1 a4 28. b3 a3 29. g4 hxg4 30. hxg4 b4
31. Ne4 Kd5 32. c4+ bxc3 33. Nxc3+ Kc6 34. Bd2 c4 35. bxc4 Kc5
36. Nb5 Kxc4 37. Nxa3+ Kd3 38. Nc2 c5 39. a4 Bf7 40. Ne1+ Kd4
41. a5 Bb3+ 42. Kc1 Bc4 43. f4 gxf4 44. Bxf4 Ke4 45. Bd2 Be2
46. g5 Kf5 47. Nc2 Bxg5 48. Bxg5 Kxg5 49. Kd2 Ba6 50. Ne3 Kf6
51. Nd5+ Ke5 52. Nc3 Kd4 53. Na4 Kc4 54. Nxc5 1/2-1/2

[Event "IMSA Elite Mind Games (Blitz)"]
[Site "?"]
[Date "2017.12.13"]
[EventDate "?"]
[Round "15.1"]
[Result "1-0"]
[White "Ding Liren"]
[Black "Rauf Mamedov"]
[WhiteElo "2837"]
[BlackElo "2755"]
[PlyCount "61"]

1. d4 d6 2. Nf3 g6 3. g3 Bg7 4. Bg2 Nd7 5. O-O e5 6. c4 exd4
7. Nxd4 Ne7 8. Nc3 O-O 9. Bf4 a6 10. Qd2 Ne5 11. b3 Rb8
12. Rad1 Nf5 13. Nxf5 Bxf5 14. Nd5 Be6 15. Bg5 f6 16. Bh6 Bf7
17. Bxg7 Kxg7 18. f4 Nd7 19. g4 Re8 20. h4 c6 21. Nc3 Nc5
22. g5 f5 23. Qxd6 Qa5 24. Qf6+ Kg8 25. Rd6 Rf8 26. h5 Be6
27. Qe5 Rbe8 28. h6 Rf7 29. Na4 b6 30. Nxc5 bxc5 31. Rxe6 1-0

[Event "IMSA Elite Mind Games (Blitz)"]
[Site "?"]
[Date "2017.12.13"]
[EventDate "?"]
[Round "16.2"]
[Result "1/2-1/2"]
[White "Yu Yangyi"]
[Black "Ding Liren"]
[WhiteElo "2701"]
[BlackElo "2837"]
[PlyCount "155"]

1. Nf3 d5 2. g3 g6 3. Bg2 Bg7 4. d4 Nf6 5. O-O O-O 6. c4 c6
7. Qa4 Nfd7 8. cxd5 Nb6 9. Qd1 cxd5 10. Nc3 Nc6 11. e3 Bf5
12. b3 Rc8 13. Bb2 Qd7 14. Qe2 Bh3 15. Rfd1 Bxg2 16. Kxg2 e6
17. Rac1 a6 18. h4 h5 19. Ba3 Rfd8 20. Bc5 Qc7 21. Ba3 Nd7
22. Na4 Qa5 23. Qe1 Qxe1 24. Nxe1 Bf8 25. Bxf8 Kxf8 26. Nd3 b6
27. Rc2 Na7 28. Rdc1 Rxc2 29. Rxc2 Rc8 30. Rxc8+ Nxc8 31. Kf1
Ke7 32. Ke2 a5 33. f3 Nd6 34. Ne5 b5 35. Nc6+ Kf6 36. Nc3 b4
37. Na4 Nb7 38. Kd3 e5 39. e4 Ke6 40. dxe5 Nxe5+ 41. Nxe5 Kxe5
42. exd5 Kxd5 43. Nb6+ Kc6 44. Nc4 Kd5 45. Ne3+ Kc5 46. Nc4
Kd5 47. Ne3+ Kc5 48. Nc4 Kd5 49. g4 f6 50. Ke3 Kc5 51. gxh5
gxh5 52. Kd3 Kd5 53. Ke3 Kc5 54. Nb2 Nd6 55. Nd3+ Kd5 56. Nf4+
Ke5 57. Nxh5 Nf5+ 58. Kf2 Nxh4 59. Ke3 Ng2+ 60. Kf2 Nf4
61. Ng3 Nd3+ 62. Ke3 Nc1 63. f4+ Ke6 64. Kd4 Nxa2 65. f5+ Ke7
66. Ne4 Nc1 67. Kc4 Ne2 68. Nc5 Ng3 69. Nb7 Nxf5 70. Nxa5 Nd6+
71. Kxb4 f5 72. Nc4 f4 73. Nd2 Ke6 74. Kc3 Kd5 75. Kd3 Kc5
76. Ne4+ Nxe4 77. Kxe4 Kb4 78. Kxf4 1/2-1/2

[Event "IMSA Elite Mind Games (Blitz)"]
[Site "?"]
[Date "2017.12.13"]
[EventDate "?"]
[Round "17.6"]
[Result "0-1"]
[White "Ding Liren"]
[Black "Dmitry Andreikin"]
[WhiteElo "2837"]
[BlackElo "2771"]
[PlyCount "74"]

1. Nf3 d5 2. g3 c6 3. Bg2 Nf6 4. c4 Bg4 5. Ne5 Be6 6. cxd5
Bxd5 7. Nf3 c5 8. Nc3 Bc6 9. O-O e6 10. Re1 Nbd7 11. e4 e5
12. d3 Bd6 13. a4 O-O 14. Nd2 Re8 15. Nc4 Bf8 16. Be3 b6
17. Qb3 a6 18. Nd5 Rb8 19. Bd2 Ba8 20. Bc3 b5 21. axb5 axb5
22. Nce3 Bxd5 23. exd5 e4 24. Ba5 Qc8 25. dxe4 Nxe4 26. Qc2
Ndf6 27. b3 c4 28. bxc4 b4 29. Nf1 Nc3 30. Rxe8 Nxe8 31. Ne3
Bc5 32. Qb3 Nd6 33. Nd1 Nxc4 34. Nxc3 Nxa5 35. Rxa5 bxc3
36. Qc2 Bxf2+ 37. Qxf2 c2 0-1

[Event "IMSA Elite Mind Games (Blitz)"]
[Site "?"]
[Date "2017.12.13"]
[EventDate "?"]
[Round "18.2"]
[Result "1/2-1/2"]
[White "Le Quang Liem"]
[Black "Ding Liren"]
[WhiteElo "2771"]
[BlackElo "2837"]
[PlyCount "90"]

1. d4 Nf6 2. c4 e6 3. Nf3 d5 4. Nc3 c6 5. e3 Nbd7 6. Qc2 Bd6
7. b3 O-O 8. Be2 b6 9. O-O Bb7 10. Bb2 Re8 11. Rad1 Qc7 12. e4
Nxe4 13. Nxe4 dxe4 14. Qxe4 c5 15. Qh4 Rad8 16. Rfe1 Be7
17. Qh3 Bf6 18. Bd3 h6 19. Be4 Bxe4 20. Rxe4 cxd4 21. Bxd4 Ne5
22. Nxe5 Bxe5 23. Qh5 Bxd4 24. Rexd4 Rxd4 25. Rxd4 Rd8 26. Qd1
Rxd4 27. Qxd4 Qe7 28. g3 Qa3 29. Qd2 h5 30. h4 g6 31. b4 Qf3
32. c5 bxc5 33. bxc5 Qc6 34. Qd8+ Kg7 35. Qe7 a5 36. Qa7 Qa4
37. Qb6 Qd1+ 38. Kh2 Qd4 39. Kg1 Qd1+ 40. Kg2 Qd5+ 41. Kh2 Qd4
42. Kg1 Qd1+ 43. Kg2 Qd5+ 44. Kg1 Qd1+ 45. Kg2 Qd5+ 1/2-1/2

[Event "IMSA Elite Mind Games (Blitz)"]
[Site "?"]
[Date "2017.12.13"]
[EventDate "?"]
[Round "19.6"]
[Result "1/2-1/2"]
[White "Wang Hao"]
[Black "Ding Liren"]
[WhiteElo "2737"]
[BlackElo "2837"]
[PlyCount "87"]

1. d4 d5 2. Nf3 Nf6 3. c4 e6 4. g3 Bb4+ 5. Nbd2 dxc4 6. Bg2 b5
7. a4 c6 8. O-O O-O 9. Ne1 Nd5 10. e4 Nb6 11. a5 N6d7 12. e5
Bb7 13. Ne4 Na6 14. Bg5 Be7 15. Bxe7 Qxe7 16. Nd6 Rab8
17. Nxb7 Rxb7 18. Bxc6 Rbb8 19. Nc2 Rfd8 20. Qf3 Nb4 21. Nxb4
Qxb4 22. Qc3 Qxc3 23. bxc3 a6 24. f4 Nf8 25. Rab1 Ng6 26. Be4
Ne7 27. Rb4 Nd5 28. Bxd5 Rxd5 29. Kf2 f5 30. Ke3 Kf7 31. h3
Ke7 32. g4 Rf8 33. Rb2 Kd7 34. g5 Rh8 35. h4 Kc6 36. h5 Rd7
37. Rb4 Kd5 38. Rg1 Rc7 39. Rgb1 Rb8 40. R4b2 Rcb7 41. Rb4 Rc7
42. R4b2 Rcb7 43. Rb4 Rc7 44. R4b2 1/2-1/2

[Event "IMSA Elite Mind Games (Blitz)"]
[Site "?"]
[Date "2017.12.13"]
[EventDate "?"]
[Round "20.2"]
[Result "0-1"]
[White "Ding Liren"]
[Black "Alexander Grischuk"]
[WhiteElo "2837"]
[BlackElo "2725"]
[PlyCount "68"]

1. d4 Nf6 2. c4 g6 3. Nf3 Bg7 4. g3 O-O 5. Bg2 d6 6. O-O Nbd7
7. Nc3 e5 8. e4 exd4 9. Nxd4 Re8 10. h3 Nc5 11. Re1 Bd7
12. Rb1 a5 13. b3 h6 14. Kh2 Re5 15. f4 Rh5 16. f5 gxf5
17. exf5 Bxf5 18. Nxf5 Rxf5 19. Qc2 Qd7 20. Bf4 Rh5 21. Nd5
Ng4+ 22. Kh1 Ne5 23. Bxe5 Rxe5 24. Rxe5 dxe5 25. Rd1 Qd8
26. Qf5 c6 27. Ne3 Qg5 28. Qf2 e4 29. h4 Qf6 30. Nf5 Nd3
31. Qf1 Rd8 32. Kh2 Qe5 33. Qe2 Qxf5 34. Bxe4 Re8 0-1

[Event "IMSA Elite Mind Games (Blitz)"]
[Site "?"]
[Date "2017.12.13"]
[EventDate "?"]
[Round "22.3"]
[Result "1/2-1/2"]
[White "Ding Liren"]
[Black "Anton Korobov"]
[WhiteElo "2837"]
[BlackElo "2760"]
[PlyCount "107"]

1. g3 d5 2. Nf3 g6 3. d4 Bg7 4. c4 c6 5. cxd5 cxd5 6. Nc3 Nf6
7. Ne5 O-O 8. Bg2 e6 9. Bg5 h6 10. Bf4 Nfd7 11. O-O Nxe5
12. Bxe5 Bxe5 13. dxe5 Nc6 14. Qd2 Kg7 15. f4 b6 16. Nb5 Ba6
17. Nd6 Ne7 18. Rfc1 Nc8 19. Rc6 Nxd6 20. Rxd6 Qe7 21. e4 Rad8
22. exd5 Rxd6 23. exd6 Qxd6 24. Qc3+ Kh7 25. dxe6 Rc8 26. Qf6
Qxe6 27. Qxe6 fxe6 28. Rd1 Rc7 29. Be4 Kg7 30. Kf2 Bb7
31. Bxb7 Rxb7 32. Rc1 Kf6 33. Ke3 Rd7 34. a4 Rd5 35. Rc7 Ra5
36. b3 h5 37. Ke4 g5 38. fxg5+ Kxg5 39. h3 Kf6 40. g4 hxg4
41. hxg4 Re5+ 42. Kf4 Re1 43. g5+ Kg6 44. Rxa7 e5+ 45. Kf3 Rb1
46. Ke4 Rxb3 47. Kxe5 Kxg5 48. Kd5 Rb4 49. Kc6 Kf4 50. Ra6 Ke3
51. Rxb6 Rxa4 52. Rb5 Rc4+ 53. Rc5 Rxc5+ 54. Kxc5 1/2-1/2

[Event "World Rapid Championship"]
[Site "Riyadh KSA"]
[Date "2017.12.26"]
[EventDate "2017.12.26"]
[Round "1.20"]
[Result "1/2-1/2"]
[White "Martyn Kravtsiv"]
[Black "Ding Liren"]
[WhiteElo "2672"]
[BlackElo "2777"]
[PlyCount "159"]

1. e4 c5 2. Nf3 e6 3. d4 cxd4 4. Nxd4 Nc6 5. Nc3 Qc7 6. Be2
Nf6 7. O-O Be7 8. Be3 O-O 9. f4 d6 10. Kh1 a6 11. Qe1 Nxd4
12. Bxd4 b5 13. Qg3 b4 14. e5 dxe5 15. Bxe5 Qb6 16. Ne4 Ne8
17. Rad1 f6 18. Bd4 Qc7 19. Bd3 Nd6 20. Nxd6 Bxd6 21. Qh4 f5
22. Rde1 a5 23. Re3 Ba6 24. Rxe6 Bxd3 25. cxd3 Rae8 26. Rxe8
Rxe8 27. Qh5 Qf7 28. Qxf7+ Kxf7 29. g3 Re2 30. Rc1 g6 31. Rc6
Ke7 32. Ra6 Rd2 33. Rxa5 Rxd3 34. Be5 Rd1+ 35. Kg2 Rd2+
36. Kf3 Bxe5 37. Rxe5+ Kd6 38. Re2 Rd3+ 39. Kf2 Rd1 40. Ke3
Kc5 41. Rc2+ Kb5 42. Ke2 Rh1 43. Kd3 Rd1+ 44. Rd2 Ra1 45. Kc2
Rxa2 46. Rd7 Ra1 47. Rxh7 Rf1 48. Rb7+ Kc4 49. Rc7+ Kb5
50. Rd7 Rf2+ 51. Rd2 Rf3 52. b3 Rc3+ 53. Kb2 Rf3 54. Rc2 Re3
55. Rf2 Kc5 56. Rg2 Rf3 57. Rc2+ Kd5 58. Re2 Kd4 59. Rc2 Kd3
60. Rc6 Rf2+ 61. Kb1 Rxh2 62. Kc1 Rg2 63. Rxg6 Kc3 64. Rc6+
Kxb3 65. Rc5 Rg1+ 66. Kd2 Rxg3 67. Rxf5 Ka2 68. Ra5+ Kb1
69. f5 b3 70. Ke2 Rg5 71. Kf3 b2 72. Kf4 Rg1 73. f6 Kc2
74. Rb5 b1=Q 75. Rxb1 Rxb1 76. Ke5 Kd3 77. f7 Rf1 78. Ke6 Kd4
79. Ke7 Rxf7+ 80. Kxf7 1/2-1/2

[Event "World Rapid Championship"]
[Site "Riyadh KSA"]
[Date "2017.12.26"]
[EventDate "2017.12.26"]
[Round "2.35"]
[Result "1-0"]
[White "Ding Liren"]
[Black "Rinat Jumabayev"]
[WhiteElo "2777"]
[BlackElo "2612"]
[PlyCount "139"]

1. c4 e5 2. Nc3 Nf6 3. Nf3 Nc6 4. e3 Bb4 5. Qc2 a5 6. Be2 O-O
7. O-O Re8 8. d3 Bxc3 9. bxc3 e4 10. dxe4 Nxe4 11. Bd3 Qe7
12. Nd4 d6 13. f3 Nf6 14. e4 h6 15. Be3 Ne5 16. Be2 b6
17. Rfd1 Bd7 18. Bf1 Nh5 19. Qd2 Qf6 20. Be2 Qg6 21. Kh1 Nf6
22. Rf1 Rad8 23. Bg1 Bc8 24. Nc2 Nh5 25. Ne3 Nf4 26. Bd1 Ba6
27. Bb3 Kh8 28. Rad1 Qh5 29. Ba4 Rf8 30. Bb5 Bb7 31. Nd5 Nxd5
32. cxd5 f5 33. exf5 Qxf5 34. Rfe1 Qf7 35. c4 Ng6 36. Bd4 Kg8
37. Re3 Bc8 38. Rde1 Bd7 39. Bxd7 Rxd7 40. g3 Re7 41. Kg2 Rfe8
42. Qd3 Rxe3 43. Rxe3 h5 44. h4 Rxe3 45. Qxe3 Ne7 46. g4 b5
47. cxb5 Nxd5 48. Qe4 a4 49. Kg3 a3 50. Ba1 Nb6 51. Bd4 Nd5
52. Ba1 Nb6 53. Bc3 d5 54. Qf4 Nc4 55. Qxf7+ Kxf7 56. Bb4 d4
57. gxh5 d3 58. Kf2 Kg8 59. Ke1 Kh7 60. Bd2 Nd6 61. Bf4 Nxb5
62. Kd2 Kg8 63. Kxd3 Kf7 64. Kc4 c6 65. Be5 Ke6 66. Bxg7 Kf5
67. h6 Kg6 68. h5+ Kh7 69. Kc5 Na7 70. f4 1-0

[Event "World Rapid Championship"]
[Site "Riyadh KSA"]
[Date "2017.12.26"]
[EventDate "2017.12.26"]
[Round "3.13"]
[Result "1/2-1/2"]
[White "Ivan Salgado Lopez"]
[Black "Ding Liren"]
[WhiteElo "2644"]
[BlackElo "2777"]
[PlyCount "51"]

1. e4 c5 2. Nf3 e6 3. b3 d6 4. Bb2 Nf6 5. Qe2 Nc6 6. g3 Be7
7. Bg2 O-O 8. O-O e5 9. c4 a6 10. Nc3 Rb8 11. Nd5 b5 12. d3
Re8 13. h3 Bf8 14. Qd2 a5 15. Kh2 g6 16. Ne1 Nxd5 17. cxd5 Nd4
18. Nc2 Bg7 19. Rac1 b4 20. Ne3 h5 21. Nc4 h4 22. g4 Ba6
23. Bxd4 cxd4 24. g5 Rc8 25. Bf3 Bxc4 26. dxc4 1/2-1/2

[Event "World Rapid Championship"]
[Site "Riyadh KSA"]
[Date "2017.12.26"]
[EventDate "2017.12.26"]
[Round "4.19"]
[Result "1/2-1/2"]
[White "Ding Liren"]
[Black "Li Chao"]
[WhiteElo "2777"]
[BlackElo "2732"]
[PlyCount "54"]

1. c4 g6 2. g3 Bg7 3. d4 Nf6 4. Bg2 d5 5. cxd5 Nxd5 6. Nf3 c5
7. e4 Nf6 8. e5 Nfd7 9. e6 fxe6 10. Ng5 Nf6 11. dxc5 Qxd1+
12. Kxd1 O-O 13. Ke2 Na6 14. Nc3 h6 15. Nge4 Nxe4 16. Bxe4
Nxc5 17. Bxg6 b6 18. Rd1 Bb7 19. Kf1 Bf3 20. Re1 Rad8 21. Bf4
e5 22. Be3 Nd3 23. Bxd3 Rxd3 24. a4 e4 25. a5 bxa5 26. Rxa5
Rxc3 27. bxc3 Bxc3 1/2-1/2

[Event "World Rapid Championship"]
[Site "Riyadh KSA"]
[Date "2017.12.26"]
[EventDate "2017.12.26"]
[Round "5.21"]
[Result "0-1"]
[White "Andrei Volokitin"]
[Black "Ding Liren"]
[WhiteElo "2628"]
[BlackElo "2777"]
[PlyCount "44"]

1. e4 e5 2. Nf3 Nc6 3. Bc4 Nf6 4. d3 Bc5 5. O-O O-O 6. h3 d6
7. c3 a5 8. Re1 h6 9. Bb5 Ba7 10. Nbd2 Ne7 11. d4 Ng6 12. Nf1
d5 13. exd5 exd4 14. c4 Qd6 15. Nxd4 Nxd5 16. cxd5 Qxd5
17. Be3 Nh4 18. f3 Bxh3 19. Nb3 Qg5 20. g3 Bxf1 21. Bxf1 Qxg3+
22. Kh1 Nxf3 0-1

[Event "World Rapid Championship"]
[Site "Riyadh KSA"]
[Date "2017.12.27"]
[EventDate "2017.12.26"]
[Round "6.10"]
[Result "1/2-1/2"]
[White "Ding Liren"]
[Black "Peter Leko"]
[WhiteElo "2777"]
[BlackElo "2691"]
[PlyCount "69"]

1. Nf3 Nf6 2. g3 d5 3. Bg2 e6 4. O-O Be7 5. c4 O-O 6. d4 dxc4
7. Qc2 a6 8. a4 Bd7 9. Qxc4 Bc6 10. Bf4 Bd6 11. Qc1 Nbd7
12. Re1 Qe7 13. Nc3 Bxf3 14. Bxf3 Bxf4 15. Qxf4 c6 16. a5 e5
17. Qe3 Rfe8 18. d5 e4 19. dxc6 exf3 20. cxd7 Qxe3 21. fxe3
Rxe3 22. exf3 Rxe1+ 23. Rxe1 Nxd7 24. Na4 Kf8 25. Rc1 Ne5
26. Rc7 Nc6 27. Nc5 Nxa5 28. b4 Nc6 29. Rxb7 Nd4 30. Kf2 Ne6
31. Nd7+ Ke8 32. Ne5 Nd8 33. Rb6 f6 34. Nd3 a5 35. bxa5
1/2-1/2

[Event "World Rapid Championship"]
[Site "Riyadh KSA"]
[Date "2017.12.27"]
[EventDate "2017.12.26"]
[Round "7.13"]
[Result "1-0"]
[White "Levan Pantsulaia"]
[Black "Ding Liren"]
[WhiteElo "2612"]
[BlackElo "2777"]
[PlyCount "81"]

1. Nf3 d5 2. g3 g6 3. Bg2 Bg7 4. O-O e5 5. d3 Ne7 6. e4 O-O
7. c3 a5 8. a4 Nbc6 9. Qc2 h6 10. Na3 Be6 11. Nb5 Qd7 12. b3
Rfe8 13. Re1 Rad8 14. Ba3 g5 15. h4 g4 16. Nd2 f5 17. Rad1 f4
18. exd5 Nxd5 19. Nc4 f3 20. Bf1 Bf5 21. Nd2 Qf7 22. Ne4 b6
23. Bc1 Rd7 24. Na3 Nce7 25. Nc4 Ng6 26. Ba3 Nge7 27. Qc1 Be6
28. d4 exd4 29. cxd4 Nc6 30. Ncd6 cxd6 31. Qxc6 Rc7 32. Qb5
Bd7 33. Qa6 Bc8 34. Qd3 Bf8 35. Nxd6 Bxd6 36. Rxe8+ Qxe8
37. Bxd6 Rc6 38. Be5 Qf7 39. Qb5 Rc2 40. Bc4 Be6 41. Qc6 1-0

[Event "World Rapid Championship"]
[Site "Riyadh KSA"]
[Date "2017.12.27"]
[EventDate "2017.12.26"]
[Round "8.21"]
[Result "1-0"]
[White "Ding Liren"]
[Black "Dmitry Bocharov"]
[WhiteElo "2777"]
[BlackElo "2583"]
[PlyCount "103"]

1. d4 Nf6 2. c4 e6 3. Nf3 b6 4. g3 Bb7 5. Bg2 Be7 6. O-O O-O
7. Re1 d5 8. cxd5 exd5 9. Nc3 Na6 10. b3 c5 11. Bb2 Re8
12. Rc1 Bf8 13. e3 Nc7 14. Re2 Ne6 15. Rd2 Qb8 16. Rdc2 Rd8
17. Ne2 Ne4 18. h4 Qd6 19. Nd2 Nxd2 20. Rxd2 Qd7 21. Bh3 Qe8
22. Bg2 Qd7 23. dxc5 bxc5 24. Rd3 Rac8 25. Rc2 Nc7 26. Nf4 Qd6
27. Ba3 Qb6 28. Bb2 Qd6 29. Bc3 Rd7 30. Ba5 Qe5 31. Rcd2 Ba6
32. Bxc7 Rcxc7 33. Rxd5 Rxd5 34. Rxd5 Qe7 35. Bf1 Bb7 36. Rd8
Bc6 37. Bc4 g6 38. Rd2 Qe5 39. Nd5 Rc8 40. f4 Qe6 41. e4 Qh3
42. Qf3 Kh8 43. Rh2 Qd7 44. h5 Bg7 45. hxg6 fxg6 46. Rxh7+
Kxh7 47. Qh1+ Kg8 48. Nf6+ Kf8 49. Nxd7+ Bxd7 50. Qh7 Bd4+
51. Kg2 Be8 52. Qg8+ 1-0

[Event "World Rapid Championship"]
[Site "Riyadh KSA"]
[Date "2017.12.27"]
[EventDate "2017.12.26"]
[Round "9.15"]
[Result "0-1"]
[White "Baskaran Adhiban"]
[Black "Ding Liren"]
[WhiteElo "2655"]
[BlackElo "2777"]
[PlyCount "84"]

1. e4 e5 2. Bc4 Nf6 3. d3 c6 4. Nf3 d5 5. Bb3 Bb4+ 6. Bd2
Bxd2+ 7. Nbxd2 a5 8. a3 a4 9. Ba2 Nbd7 10. O-O O-O 11. Re1 Re8
12. h3 h6 13. Nf1 Qb6 14. Ne3 d4 15. Nf5 c5 16. g4 Nh7 17. Kh2
Ndf8 18. Rg1 Be6 19. Qc1 Bxa2 20. Rxa2 Ng6 21. h4 Nf4 22. Qd2
Qc7 23. Raa1 Ra6 24. Rg3 Rc6 25. b3 Nf8 26. h5 f6 27. bxa4 c4
28. Rb1 N8e6 29. Rb5 cxd3 30. cxd3 Rc2 31. Qd1 Rxf2+ 32. Kh1
Ne2 33. Rg2 Nc3 34. Qb3 Rf1+ 35. Kh2 Nxb5 36. axb5 Rxf3
37. Rc2 Qd7 38. b6 Kh7 39. Qd5 Rd8 40. Qxd7 Rxd7 41. Nh4 Rxd3
42. Ng6 Rc3 0-1

[Event "World Rapid Championship"]
[Site "Riyadh KSA"]
[Date "2017.12.27"]
[EventDate "2017.12.26"]
[Round "10.8"]
[Result "1/2-1/2"]
[White "Ding Liren"]
[Black "Ivan Saric"]
[WhiteElo "2734"]
[BlackElo "2597"]
[PlyCount "69"]

1. d4 d5 2. c4 c6 3. Nf3 Nf6 4. e3 Bg4 5. h3 Bh5 6. Nc3 e6
7. g4 Bg6 8. Ne5 Nbd7 9. Nxg6 hxg6 10. g5 Ne4 11. Nxe4 dxe4
12. h4 Bb4+ 13. Bd2 Qa5 14. a3 Bxd2+ 15. Qxd2 Qxd2+ 16. Kxd2
f5 17. c5 Ke7 18. Bc4 Rh7 19. Rh3 Rd8 20. Kc3 e5 21. b4 exd4+
22. exd4 Nf8 23. f3 Ne6 24. Bxe6 Kxe6 25. fxe4 fxe4 26. Rf1
Re8 27. Kd2 Kd5 28. Ke3 a5 29. Rf7 axb4 30. axb4 Ra8 31. Kf4
Kxd4 32. Rd7+ Kc4 33. Rxb7 e3 34. Re7 Kxb4 35. Rexe3 1/2-1/2

[Event "World Rapid Championship"]
[Site "Riyadh KSA"]
[Date "2017.12.28"]
[EventDate "2017.12.26"]
[Round "11.9"]
[Result "1/2-1/2"]
[White "Ivan Cheparinov"]
[Black "Ding Liren"]
[WhiteElo "2710"]
[BlackElo "2777"]
[PlyCount "42"]

1. Nf3 d5 2. g3 g6 3. Bg2 Bg7 4. d4 Nf6 5. O-O O-O 6. c4 c6
7. Qb3 a5 8. Rd1 a4 9. Qb4 Re8 10. Na3 e6 11. Bf4 Nbd7
12. Rac1 Ne4 13. Ne5 Bf8 14. Qe1 Nxe5 15. Bxe5 f6 16. Bf4 Nd6
17. h4 Bd7 18. Qc3 f5 19. Bg5 Qa5 20. Qxa5 Rxa5 21. Bd2 Raa8
1/2-1/2

[Event "World Rapid Championship"]
[Site "Riyadh KSA"]
[Date "2017.12.28"]
[EventDate "2017.12.26"]
[Round "13.4"]
[Result "1/2-1/2"]
[White "Ding Liren"]
[Black "Peter Svidler"]
[WhiteElo "2777"]
[BlackElo "2765"]
[PlyCount "93"]

1. d4 Nf6 2. c4 g6 3. Nf3 Bg7 4. g3 c6 5. Nc3 d5 6. cxd5 cxd5
7. Ne5 O-O 8. Bg2 e6 9. Bg5 Qb6 10. O-O Nfd7 11. Nd3 Bxd4
12. e4 dxe4 13. Nxe4 Nc6 14. Rc1 Bg7 15. Re1 h6 16. Be3 Qd8
17. h4 Nf6 18. Qd2 Nxe4 19. Bxe4 h5 20. Bh6 Qd4 21. Bxg7 Kxg7
22. Qg5 Qf6 23. Bxc6 bxc6 24. Ne5 Qxg5 25. hxg5 Bb7 26. Rc3
Rac8 27. Rd1 Rc7 28. Rc5 Rfc8 29. b4 f6 30. gxf6+ Kxf6 31. f4
Ba6 32. Kf2 Bb5 33. Ke3 a5 34. bxa5 Ra8 35. Rd7 Rxd7 36. Nxd7+
Ke7 37. a4 Rxa5 38. Nb6 Rxa4 39. Nxa4 Bxa4 40. Ra5 Bb3 41. Kd4
Kf6 42. Re5 Bd5 43. Kc5 Ke7 44. Re3 Kf6 45. Re5 Ke7 46. Rg5
Be4 47. Re5 1/2-1/2

[Event "World Rapid Championship"]
[Site "Riyadh KSA"]
[Date "2017.12.28"]
[EventDate "2017.12.26"]
[Round "15.8"]
[Result "1/2-1/2"]
[White "Ding Liren"]
[Black "Pentala Harikrishna"]
[WhiteElo "2734"]
[BlackElo "2687"]
[PlyCount "39"]

1. c4 e5 2. Nc3 Nf6 3. Nf3 Nc6 4. e3 Be7 5. d4 exd4 6. exd4 d5
7. cxd5 Nxd5 8. Bd3 O-O 9. O-O Bg4 10. Be4 Nf6 11. Bxc6 bxc6
12. h3 Bxf3 13. Qxf3 Qxd4 14. Qxc6 Bd6 15. Rd1 Qe5 16. g3 Qf5
17. Kg2 Rab8 18. Qf3 Qxf3+ 19. Kxf3 Be5 20. Rd3 1/2-1/2

[Event "World Blitz Championship"]
[Site "Riyadh KSA"]
[Date "2017.12.29"]
[EventDate "2017.12.29"]
[Round "1.5"]
[Result "1/2-1/2"]
[White "Ding Liren"]
[Black "Pavel Ponkratov"]
[WhiteElo "2777"]
[BlackElo "2613"]
[PlyCount "89"]

1. d4 Nf6 2. c4 e6 3. Nf3 b6 4. g3 Bb7 5. Bg2 Bb4+ 6. Bd2 c5
7. O-O O-O 8. Bxb4 cxb4 9. Qd3 d6 10. Nbd2 Qe7 11. e4 e5
12. Ne1 Nc6 13. Nc2 a5 14. Rfe1 Rfe8 15. Rad1 Nd7 16. Nf1 Red8
17. Nfe3 g6 18. b3 Nxd4 19. Nxd4 exd4 20. Qxd4 Nc5 21. Ng4 h5
22. Nf6+ Kf8 23. Nxh5 Qe5 24. Nf4 Qxd4 25. Rxd4 a4 26. bxa4
Rxa4 27. Re2 b3 28. axb3 Nxb3 29. Rd1 Rxc4 30. e5 Bxg2
31. Kxg2 Nd4 32. Re4 dxe5 33. Rxe5 Nc6 34. Rxd8+ Nxd8 35. Rb5
Rc6 36. Nd5 Rc5 37. Rxc5 bxc5 38. Kf3 Ke8 39. Ke4 Nc6 40. Ne3
Nb4 41. h4 f5+ 42. Ke5 Kf7 43. Kd6 Nd3 44. f4 Nf2 45. Kxc5
1/2-1/2

[Event "World Blitz Championship"]
[Site "Riyadh KSA"]
[Date "2017.12.29"]
[EventDate "2017.12.29"]
[Round "2.29"]
[Result "0-1"]
[White "Vladimir Onischuk"]
[Black "Ding Liren"]
[WhiteElo "2637"]
[BlackElo "2777"]
[PlyCount "70"]

1. e4 e5 2. Nf3 Nc6 3. Bc4 Nf6 4. d3 Bc5 5. O-O O-O 6. Nbd2 d6
7. c3 a5 8. Bb3 Be6 9. Bc2 d5 10. exd5 Bxd5 11. Qe2 Re8
12. Ne4 Be7 13. Rd1 h6 14. Nh4 Be6 15. Nf3 Qd7 16. d4 exd4
17. Nxd4 Nxd4 18. Rxd4 Qc6 19. Qf3 Bd5 20. Bf4 Rad8 21. Re1
Bc5 22. Rxd5 Nxd5 23. Bg3 Nf6 24. h3 Nxe4 25. Rxe4 Rxe4
26. Bxe4 Qe6 27. Bxc7 Rd2 28. Bg3 Rxb2 29. Bd5 Qf6 30. Qg4
Bxf2+ 31. Bxf2 Qxf2+ 32. Kh2 Qf6 33. Qc8+ Kh7 34. Qc7 Rf2
35. Qxb7 Qf4+ 0-1

[Event "World Blitz Championship"]
[Site "Riyadh KSA"]
[Date "2017.12.29"]
[EventDate "2017.12.29"]
[Round "3.11"]
[Result "1-0"]
[White "Ding Liren"]
[Black "Denis Khismatullin"]
[WhiteElo "2777"]
[BlackElo "2632"]
[PlyCount "43"]

1. d4 Nf6 2. c4 e6 3. Nf3 d5 4. Nc3 Nbd7 5. Bf4 dxc4 6. e3 Nd5
7. Bxc4 Nxf4 8. exf4 Bd6 9. g3 Nb6 10. Bb3 Bd7 11. O-O O-O
12. Qd3 Bc6 13. Rad1 Bxf3 14. Qxf3 c6 15. f5 exf5 16. Qxf5 g6
17. Qf3 a5 18. d5 a4 19. dxc6 axb3 20. cxb7 Rxa2 21. Nxa2 bxa2
22. Qc6 1-0